| 000 | 00393cam a22001337a 4500 | ||
|---|---|---|---|
| 008 | 180718bDelhi xxu||||| |||| 00| 0 eng d | ||
| 082 | _aA99 G151 M691 | ||
| 245 |
_aGandhi and social order _cedited by D.K. Misra |
||
| 260 |
_aDelhi _bResearch _cDelhi |
||
| 300 | _a178p. | ||
| 650 | _aIndia - Social conditions | ||
| 650 | _aGandhi, M.K. - Criticism and interpretation | ||
| 700 | _aMisra, D.K. | ||
| 999 |
_c349090 _d349090 |
||